| 000 | 00773nam a22002417a 4500 | ||
|---|---|---|---|
| 999 |
_c20936 _d20936 |
||
| 003 | AR-CdUCM | ||
| 008 | 190408b ||||| |||| 00| 0 spa d | ||
| 040 |
_aMUNICIPALIDAD PROVINCIAL DEL CUSCO _cBIBLIOTECA MUNICIPAL DEL CUSCO |
||
| 082 |
_aEP / 808.831 / _bAP64 |
||
| 100 |
_aApuqrunan _943678 |
||
| 245 | _aKawsaykutikawsay / | ||
| 260 |
_aCusco : _bWillkakuti, _c2009. |
||
| 300 |
_a22 paginas ; _bIlustraciones, _c25 cm. |
||
| 500 | _aTexto en quechua. S/C. | ||
| 505 | _aContenido : Mamallay -- Agarapi -- Q´inti -- Wañuyraymi... | ||
| 650 |
_aLiteratura infantiles _933610 |
||
| 650 |
_aPoemario _91041 |
||
| 650 |
_aEducación primaria _91561 |
||
| 700 |
_aViscarra C, Fredy _943679 |
||
| 700 |
_aLeón, Maye _943680 |
||
| 942 |
_2ddc _cLIBROS |
||
| 945 | _arcc | ||